Guidelines on property trust funds

Bibliographic Details
Corporate Author: Securities Commission
Format: Book
Language:English
Published: Kuala Lumpur : Securities Commission 2003
Subjects:

MARC

LEADER 00000cam a2200000 7i4500
001 0000017031
005 20241029.0
008 060914 my a eng
040 |a INS   |b eng   |e rda 
090 0 0 |a HG4530   |b .S43 2003 
110 1 |a Securities Commission 
245 0 0 |a Guidelines on property trust funds   |c Securities Commission 
264 1 |a Kuala Lumpur :   |b Securities Commission   |c 2003 
300 |a 1 v. (Various pagings) :   |b illustrations ;   |c 32 cm. 
336 |a text  |2 rdacontent 
337 |a unmediated  |2 rdamedia 
338 |a volume  |2 rdacarrier 
650 0 |a Mutual funds   |z Malaysia 
650 0 |a Securities   |z Malaysia 
999 |a 0000016549   |b BOOK   |c Open Shelf   |e Default branch 
999 |a 0000016550   |b BOOK   |c Open Shelf   |e Default branch 
999 |a 0000016551   |b BOOK   |c Open Shelf   |e Default branch